000 00794nas a2200277 4500
001 BR9501746
003 BR-BrBNA
005 20231205094005.0
007 ta
008 230509b bl.|||p| |||| 00| 00por d
040 _aBR-BrBNA
_bpor
_cBiblioteca Nacional de Agricultura
041 _a(En)
072 _aH20
100 1 _aAlmeida, A.M.R.
100 1 _aFaria, M.L. de
100 1 _aBianchini, A.
100 1 _aChagas, C.M.
100 1 _aBairrao, J.M.
245 1 _aOccurrence of bean yellow mosaic virus infecting lupins, in Brazil
650 _aTremoco
650 _aMosaico
650 _aPARANÁ
773 0 _tFitopatologia Brasileira (Brazil)
_xISSN 0100-4158
_g(Dec 1991), v. 16(4) p. 288-290
_wBR9501746
909 _a202311
_bLúcia
_c55
_dLúcia Elande
942 _2AGRIS
_n0
_cANA
999 _c141466
_d141466